Hunter S. Thompson Books Quiz Stats

 Plays Quiz Updated Apr 1, 2020

Support Sporcle.
Go Orange.
Score 0/14 Timer 05:00
0 Plays Today
Year Book % Correct
1971Fear and Loathing in Las Vegas: A Savage Journey to the Heart of the American Dream
94%
1998The Rum Diary
63.7%
1966Hells Angels: A Strange and Terrible Saga
57.3%
1973Fear and Loathing: On the Campaign Trail '72
51.1%
1979The Great Shark Hunt: Strange Tales from a Strange Time
31.9%
1983The Curse of Lono
22.8%
1988Generation of Swine: Tales of Shame and Degradation in the '80s
20.7%
Year Book % Correct
2004Hey Rube: Blood Sport, the Bush Doctrine, and the Downward Spiral of Dumbness Modern History from the Sports Desk
19.4%
1994Better Than Sex: Confessions of a Political Junkie
19%
2003Kingdom of Fear: Loathsome Secrets of a Star-Crossed Child in the Final Days of the American Century
18.8%
2000Fear and Loathing in America: The Brutal Odyssey of an Outlaw Journalist 1968–1976
16.9%
2000Screw-Jack & Other Stories
14.1%
1990Songs of the Doomed: More Notes on the Death of the American Dream
13.1%
1997The Proud Highway: The Saga of a Desperate Southern Gentleman 1955–1967
12.6%

You're not logged in!

Compare scores with friends on all Sporcle quizzes.
OR
Log In

From the Vault

'90s Sitcom by Moron

by druhutch

Their IQ's may be below room temperature, but they are still some of the most loveable TV characters.
Remove Ads.
Support Sporcle.
Get the best of Sporcle when you Go Orange. This ad-free experience offers more features, more stats, and more fun while also helping to support Sporcle. Thank you for becoming a member.

Show Comments

Extras

Top Quizzes Today


Score Distribution

Your Account Isn't Verified!

In order to create a playlist on Sporcle, you need to verify the email address you used during registration. Go to your Sporcle Settings to finish the process.

Report this User

Report this user for behavior that violates our Community Guidelines.

Details: